000 00468nam a2200169 a 4500
001 1172
005 20140414131928.0
008 041105s19uu xx 00 eng d
050 _aER
_bSp3 1997
245 _aThe Spelling bee /
_cillustrations by Sally Springer.
260 _aChicago, Ill. :
_bWorld Book,
_c1997.
300 _a12 p. : ill. ; cm.
440 _aWelcome to Reading.
650 _aContest
_xFiction.
650 _aChildren stories.
999 _c112108
_d112108